000 00311nam a22001457a 4500
999 _c54934
_d54934
008 190926b ||||| |||| 00| 0 eng d
020 _a9789951541015
041 _aeng
080 _a330
082 _a330
100 _a61
101 _aK F
245 _aP5 Raportimi Financiar
_cSHKÇAK
942 _2udc
_cBK